Alle Mosel-Orte in Rheinland-Pfalz - Statistiken

Allgemein
  • Dieses Quiz wurde 57 mal gespielt
  • Das Durchschnittsergebnis liegt bei 22 aus 88
Antwortstatistiken
Mosel-Ort % Korrekt
Cochem
90%
Koblenz
90%
Trier
90%
Bernkastel-Kues
79%
Zell
74%
Konz
71%
Traben-Trarbach
64%
Treis-Karden
52%
Kobern-Gondorf
50%
Bullay
48%
Schweich
48%
Burg (Mosel)
43%
Alf
40%
Kröv
40%
Alken
33%
Löf
33%
Mülheim
33%
Bremm
31%
Burgen
31%
Piesport
31%
Winningen
31%
Ediger-Eller
29%
Longuich
29%
Moselkern
26%
Niederfell
26%
Dieblich
24%
Igel
24%
Leiwen
24%
Lieser
24%
Mehring
24%
Oberfell
24%
Pünderich
24%
Riol
24%
Trittenheim
24%
Ürzig
24%
Beilstein
21%
Enkirch
21%
Neumagen-Dhron
21%
Oberbillig
21%
Perl
21%
Wasserliesch
21%
Hatzenport
19%
Kenn
19%
Lehmen
19%
Neef
19%
Brodenbach
17%
Bruttig-Fankel
17%
Klotten
17%
Nittel
17%
Reil
17%
Senheim-Senhals
17%
Briedern
14%
Ensch
14%
Köwerich
14%
Mesenich
14%
Müden
14%
Pölich
14%
Pommern
14%
Brauneberg
12%
Briedel
12%
Detzem
12%
Ellenz-Poltersdorf
12%
Erden
12%
Fell
12%
Graach
12%
Kinheim
12%
Klüsserath
12%
Lay
12%
Longen
12%
Lösnich
12%
Schleich
12%
Valwig
12%
Wincheringen
12%
Ernst
10%
Kesten
10%
Nehren
10%
St. Aldegrund
10%
Thörnich
10%
Veldenz
10%
Wellen
10%
Wintrich
10%
Palzem
7%
Temmels
7%
Wehlen
7%
Wolf
7%
Besch
5%
Nennig
5%
Platten
2%
Keine übereinstimmenden Quizze gefunden
Verteilung der Resultate
Anzahl Personen mit jedem Resultat
Perzentil nach korrekt beantworteten Fragen
Ihre Resultats-Entwicklung
Sie haben dieses Quiz noch nicht gespielt